Państwa na literę A - Statystyki

Ogólne statystyki
  • Ten quiz został rozwiązany 67 razy
  • Średni wynik to 9 z 12
Statystyki odpowiedzi
Odpowiedź % Poprawnych
Argentyna
90%
Armenia
90%
Albania
88%
Andora
84%
Azerbejdżan
84%
Australia
83%
Austria
81%
Afganistan
74%
Angola
72%
Algieria
69%
Arabia Saudyjska
64%
Antigua i Barbuda
59%
Nie znaleziono quizów pasujących do podanych kryteriów
Rozkład punktacji
Procent ludzi z każdym wynikiem
Percentyl według liczby udzielonych odpowiedzi
Twoja historia wyników
Nie rozwiązałeś tego quizu